000 00351nam a2200145Ia 4500
008 230917s9999||||xx |||||||||||||| ||und||
040 _e198228
_aMAIN
041 _aEnglish
082 _a547.59 P212H
100 _aParashar, Rakesh K
245 0 _aHeterocyclic Chemistry
260 _aNew Delhi
_bAne Books
_c2010
300 _a178 p.
942 _cBK
999 _c168968
_d168968